000 00582nam a2200229 a 4500
001 BS0001326
003 BR-BrBNA
005 20230418191714.0
008 230308b |||||||| |||| 00| 0 por d
040 _aBR-BrBNA
_bpor
_cBiblioteca Nacional de Agricultura
041 _apor
072 _aB53
090 _aB53 BS0001326
100 1 _aFurtado, C.
245 1 _aFormação econômica do Brasil /
250 1 _a15. ed.
260 3 _aSão Paulo:
_bEditora Nacional,
_c1977.
300 _a248 p.
650 _aECONOMIA
909 _a202304
_bSergio Santos
_c56
_dSergio Santos
942 _cBK
999 _c6383
_d6383